000 00551nam a2200169Ia 4500
005 20250728154341.0
008 250728s9999 xx 000 0 und d
020 _a9780521231985
082 _a951.132
_bHOW
100 _aHowe, Christopher
245 0 _aShanghai
260 _bCambridge University Press
_c1981
300 _a462 pages
500 _aThis book is a comprehensive study of the way in which old Shanghai was transformed and developed by the Communist Party between 1949 and the later 1970s.
650 _aHistory
942 _cENGLISH
999 _c577710
_d577710